LEADER 01606oam 2200457 450 001 9910716068003321 005 20210930145734.0 035 $a(CKB)5470000002517423 035 $a(OCoLC)1250266503 035 $a(EXLCZ)995470000002517423 100 $a20210510d2021 ua 0 101 0 $aeng 135 $aur||||||||||| 181 $ctxt$2rdacontent 182 $cc$2rdamedia 183 $acr$2rdacarrier 200 12$aA call to action $eNative communities' priorities in focus for the 117th Congress : hearing before the Committee on Indian Affairs, United States Senate, One Hundred Seventeenth Congress, first session, February 24, 2021 210 1$aWashington :$cU.S. Government Publishing Office,$d2021. 215 $a1 online resource (iii, 77 pages) 225 1 $aS. hrg. ;$v117-8 320 $aIncludes bibliographical references. 517 $aCall to action 606 $aIndians of North America$xLegal status, laws, etc 606 $aCOVID-19 (Disease)$zUnited States 606 $aInfrastructure (Economics)$zUnited States 606 $aFederal-Indian trust relationship 606 $aWater rights$zUnited States 608 $aLegislative hearings.$2lcgft 615 0$aIndians of North America$xLegal status, laws, etc. 615 0$aCOVID-19 (Disease) 615 0$aInfrastructure (Economics) 615 0$aFederal-Indian trust relationship. 615 0$aWater rights 801 0$bGPO 801 1$bGPO 801 2$bOCLCO 801 2$bGPO 906 $aBOOK 912 $a9910716068003321 996 $aA call to action$93431927 997 $aUNINA LEADER 02593nam 2200625 450 001 9910829025103321 005 20230803200348.0 010 $a3-11-037088-3 024 7 $a10.1515/9783110316230 035 $a(CKB)3280000000038846 035 $a(EBL)1692488 035 $a(SSID)ssj0001332397 035 $a(PQKBManifestationID)12597617 035 $a(PQKBTitleCode)TC0001332397 035 $a(PQKBWorkID)11375840 035 $a(PQKB)11102811 035 $a(MiAaPQ)EBC1692488 035 $a(DE-B1597)209558 035 $a(OCoLC)890089689 035 $a(OCoLC)979633242 035 $a(DE-B1597)9783110316230 035 $a(Au-PeEL)EBL1692488 035 $a(CaPaEBR)ebr11010296 035 $a(EXLCZ)993280000000038846 100 $a20150213h20142014 uy 0 101 0 $aeng 135 $aurnn#---|u||u 181 $ctxt 182 $cc 183 $acr 200 10$aAlgebraic geometry $ea concise dictionary /$fElena Rubei 210 1$aBerlin, [Germany] ;$aBoston, [Massachusetts] :$cDe Gruyter,$d2014. 210 4$dİ2014 215 $a1 online resource (240 p.) 300 $aDescription based upon print version of record. 311 0 $a3-11-031622-6 311 0 $a3-11-031623-4 320 $aIncludes bibliographical references. 327 $tFront matter --$tPreface --$tNotation --$tBibliography --$tList Of Terms 330 $aAlgebraic geometry is one of the most classic subjects of university research in mathematics. It has a very complicated language that makes life very difficult for beginners. This book is a little dictionary of algebraic geometry: for every of the most common words in algebraic geometry, it contains its definition, several references and the statements of the main theorems about that term (without their proofs). Also some terms of other subjects, close to algebraic geometry, have been included. It was born to help beginners that know some basic facts of algebraic geometry, but not every basic fact, to follow seminars and to read papers, by providing them with basic definitions and statements. The form of a dictionary makes it very easy and quick to consult. 606 $aGeometry, Algebraic$vDictionaries 610 $aAlgebraic Geometry. 610 $aDictionary. 610 $aHandbook. 615 0$aGeometry, Algebraic 676 $a516.3/503 686 $aSK 240$2rvk 700 $aRubei$b Elena$01596781 801 0$bMiAaPQ 801 1$bMiAaPQ 801 2$bMiAaPQ 906 $aBOOK 912 $a9910829025103321 996 $aAlgebraic geometry$93918286 997 $aUNINA